| 000 | 00721cam a2200217 4500 | ||
|---|---|---|---|
| 001 | B899 | ||
| 008 | 090401t1986 xxu||||| |||| 00| 0 eng d | ||
| 035 | _a(Sirsi) u38608 | ||
| 041 | _aeng | ||
| 050 | _a692.8 | ||
| 110 |
_aJoint Contracts Tribunal _93664 |
||
| 245 | _aJCT sub-contract conditions for sub-contractors named under the 1984 edition of the Intermediate form of building contract : (NAM/SC) 1984 edition: amendment 1: insurance and related liability provisions | ||
| 260 |
_aLondon _bBEC Publications _c1986 |
||
| 300 | _a9p. ; 30cm. | ||
| 350 | _a0 | ||
| 520 | _aCopy of original conditions filed at JCT 1984/5A. | ||
| 650 |
_aInsurance _96249 |
||
| 650 | _aJCT | ||
| 942 | _n0 | ||
| 948 | _c04/03/1997 | ||
| 999 |
_c90668 _d90668 |
||